• 首页
  • 本馆介绍
  • 公告通知
  • 最新文献
  • 馆藏检索
  • 电子资源
  • 读者导购
  • 参考咨询
  • 我的图书馆
  • 登录
  • 详细信息显示
  • 放入我的书架
  • 预约/预借图书
  • 作者相关作品
  • 分类相关作品
  • 丛书相关作品
  • 出版社相关作品

书目信息

  • 表格格式
  • 工作单格式
  • 卡片格式
题名:
岭南近代建筑文化与美学
    
 
作者: 唐孝祥 著
分册:  
出版信息: 北京   中国建筑工业出版社  2010.12
页数: 10,184页
开本: 26cm
丛书名: 岭南建筑丛书
单 册:
中图分类: TU-80
科图分类:
主题词: 建筑艺术--广东--近代 , 建筑美学--广东--近代 , 建筑艺术 , 建筑美学
电子资源:
ISBN: 978-7-112-12702-3
000 01034oam2 2200289 450
001 0400004131
005 20171026143551.56
010    @a978-7-112-12702-3@dCNY39.00
100    @a20171023e20162010em y0chiy ea
101 0  @achi
102    @aCN@b110000
105    @aa z 000yy
106    @ar
200 1  @a岭南近代建筑文化与美学@9ling nan jin dai jian zhu wen hua yu mei xue@f唐孝祥著
210    @a北京@c中国建筑工业出版社@d2010.12@h2016.7
215    @a10,184页@c图,照片@d26cm
225 2  @a岭南建筑丛书@h第二辑
330    @a本书运用理论层面的交叉综合研究和实践层面的实证调查研究相结合的方法,论述了岭南近代文化精神的价值系统、民众心理、思维方式和审美理想,又分析了中国近代美学的时代特征、思想特征、理论特征和目标特征等。
461  0 @12001 @a岭南建筑丛书
606 0  @a建筑艺术@y广东@z近代
606 0  @a建筑美学@y广东@z近代
606 0  @a建筑艺术
606 0  @a建筑美学
690    @aTU-80@v4
701  0 @a唐孝祥@9tang xiao xiang@f(1965.10~)@4著
801  0 @aCN@b91MARC@c20171023
905    @b1037070-4@dTU-80@f5@e175
    
    岭南近代建筑文化与美学/唐孝祥著.-北京:中国建筑工业出版社,2010.12(2016.7)
    10,184页:图,照片;26cm.-(岭南建筑丛书.第二辑)
    
    
    ISBN 978-7-112-12702-3:CNY39.00
    本书运用理论层面的交叉综合研究和实践层面的实证调查研究相结合的方法,论述了岭南近代文化精神的价值系统、民众心理、思维方式和审美理想,又分析了中国近代美学的时代特征、思想特征、理论特征和目标特征等。
●
相关链接 在E读中查询图书 在五车中查询图书 在当当中查询图书 在豆瓣中查询图书


正题名:岭南近代建筑文化与美学     索取号:TU-80/175         预约/预借

序号 登录号 条形码 馆藏地/架位号 状态 备注
1 1037070   210370702   第二样本阅览室/ [索取号:TU-80/175] 在馆    
2 1037071   210370711   密集书库-生命科学系/ [索取号:TU-80/175] 在馆    
3 1037072   210370720   第三借阅区/ [索取号:TU-80/175] 在馆    
4 1037073   210370739   第三借阅区/ [索取号:TU-80/175] 在馆    
5 1037074   210370748   第三借阅区/ [索取号:TU-80/175] 在馆    
唐山师范学院图书馆 欢迎您!
大连网信软件有限公司© 版权所有